| 000 | 00339nam a22001337a 4500 | ||
|---|---|---|---|
| 008 | 180918b xxu||||| |||| 00| 0 eng d | ||
| 020 | _a9780838555736 | ||
| 041 | _aeng | ||
| 080 |
_24 ed _a610.73 |
||
| 100 | _a2 | ||
| 101 | _aINF | ||
| 245 |
_aLaboratory Diagnostic Tests With Nursing Implications _cKee.j..L |
||
| 942 |
_2udc _cBK |
||
| 999 |
_c47926 _d47926 |
||